Dynamics and bioavailability of heavy metals in the rootzone (Record no. 11672)
[ view plain ]
| 000 -LEADER | |
|---|---|
| fixed length control field | 02197nam a2200301Ia 4500 |
| 001 - CONTROL NUMBER | |
| control field | CRC0KE11176PDF |
| 003 - CONTROL NUMBER IDENTIFIER | |
| control field | BD-DhSAU |
| 005 - DATE AND TIME OF LATEST TRANSACTION | |
| control field | 20151012144305.0 |
| 006 - FIXED-LENGTH DATA ELEMENTS--ADDITIONAL MATERIAL CHARACTERISTICS | |
| fixed length control field | m|||||o||d|||||||| |
| 007 - PHYSICAL DESCRIPTION FIXED FIELD--GENERAL INFORMATION | |
| fixed length control field | cr|||| |
| 008 - FIXED-LENGTH DATA ELEMENTS--GENERAL INFORMATION | |
| fixed length control field | 110525s2011 fluad sb 001 0 eng d |
| 020 ## - INTERNATIONAL STANDARD BOOK NUMBER | |
| International Standard Book Number | 9781439826232 (ebook : PDF) |
| 040 ## - CATALOGING SOURCE | |
| Original cataloging agency | BD-DhSAU |
| Transcribing agency | BD-DhSAU |
| 090 ## - LOCALLY ASSIGNED LC-TYPE CALL NUMBER (OCLC); LOCAL CALL NUMBER (OCLC) | |
| Classification number (OCLC) (R) ; Classification number, CALL (RLIN) (NR) | S592.6.H43 |
| Local cutter number (OCLC) ; Book number/undivided call number, CALL (RLIN) | S45 2011 |
| 092 ## - LOCALLY ASSIGNED DEWEY CALL NUMBER (OCLC) | |
| Classification number | 628.55 |
| Item number | S465 |
| 100 1# - MAIN ENTRY--PERSONAL NAME | |
| Personal name | Selim, Hussein Magd Eldin, |
| Dates associated with a name | 1944- |
| 245 10 - TITLE STATEMENT | |
| Title | Dynamics and bioavailability of heavy metals in the rootzone |
| Medium | [electronic resource] / |
| Statement of responsibility, etc. | H. Magdi Selim. |
| 260 ## - PUBLICATION, DISTRIBUTION, ETC. (IMPRINT) | |
| Place of publication, distribution, etc. | Boca Raton, Fla. : |
| Name of publisher, distributor, etc. | CRC Press, |
| Date of publication, distribution, etc. | 2011. |
| 300 ## - PHYSICAL DESCRIPTION | |
| Extent | xiv, 299 p. : |
| Other physical details | ill. |
| 504 ## - BIBLIOGRAPHY, ETC. NOTE | |
| Bibliography, etc | Includes bibliographical references and index. |
| 505 0# - FORMATTED CONTENTS NOTE | |
| Formatted contents note | 1. Nonlinear behavior of heavy metals in soils : mobility and bioavailability / H. Magdi Selim -- 2. Nonequilibrium transport of heavy metals in soils : physical and chemical processes / Hua Zhang -- 3. Chemical equilibrium and reaction modeling of arsenic and selenium in soils / Sabine Goldberg -- 4. Heavy metal and selenium distribution and bioavailability in contaminated sites : a tool for phytoremediation / Beatrice Pezzarossa, F. Gorini, and G. Petruzzelli -- 5. Colloid-associated transport and metal speciation at reclaimed mine sites following biosolid application / A.D. Karathanasis and J.O. Miller -- 6. Trace element biogeochemistry in the rhizosphere / Walter W. Wenzel ... [et al.] -- 7. Heavy metals in agricultural watersheds : nonpoint source contamination / Moustafa A. Elrashidi -- 8. Heavy metals transformation in wetlands / R.D. DeLaune and Dong-Cheol Seo -- 9. Factors controlling the dynamics of trace metals in frequently flooded soils / J�org Rinklebe and Gijs Du Laing -- 10. Heavy metals forms in biosolids, soils, and biosolid-amended soils / Christos D. Tsadilas. |
| 530 ## - ADDITIONAL PHYSICAL FORM AVAILABLE NOTE | |
| Additional physical form available note | Also available in print edition. |
| 538 ## - SYSTEM DETAILS NOTE | |
| System details note | Mode of access: World Wide Web. |
| 650 #0 - SUBJECT ADDED ENTRY--TOPICAL TERM | |
| Topical term or geographic name as entry element | Soils |
| General subdivision | Heavy metal content. |
| 655 #7 - INDEX TERM--GENRE/FORM | |
| Genre/form data or focus term | Electronic books. |
| Source of term | lcsh |
| 776 1# - ADDITIONAL PHYSICAL FORM ENTRY | |
| International Standard Book Number | 9781439826225 |
| 856 40 - ELECTRONIC LOCATION AND ACCESS | |
| Uniform Resource Identifier | <a href="http://marc.crcnetbase.com/isbn/9781439826232">http://marc.crcnetbase.com/isbn/9781439826232</a> |
| Electronic format type | application/PDF |
No items available.
